000 00862cam a2200289 4500
008 090401t1996 xxu||||| |||| 00| 0 eng d
020 _a0117532592
035 _a(Sirsi) u1945
041 _aeng
050 _a333.73
110 _aUnited Kingdom
_bDepartment of the Environment
_9982
245 _aPlanning policy guidance : development on unstable land : landslides and planning.
260 _aLondon
_bHMSO
_c1996
300 _a(17)p. : ill.,maps ; 30cm.
350 _a6
490 _aPPG
_v14 (Annex 1)
650 _aDEVELOPMENT CONTROL
650 _aDEVELOPMENT PLANS
650 _aPLANNING CONTROL
650 _aPLANNING POLICY GUIDANCE NOTE 14 (ANNEX 1)
650 _aPLANNING POLICY GUIDANCE NOTES
650 _aPPG14 (ANNEX 1)
650 _aUNSTABLE LAND
690 _aPLANNING LAW AND PRACTICE
942 _n0
948 _c04/03/1997
999 _c85713
_d85713